| 000 | 01179cam a2200313 a 4500 | ||
|---|---|---|---|
| 001 | 3382320 | ||
| 005 | 20170822175002.0 | ||
| 008 | 880426s1989 paua b 001 0 eng c | ||
| 010 | _a 88011636 | ||
| 020 | _a072162748X | ||
| 040 |
_aDNLM/DLC _cBSu _dBSU |
||
| 050 | 0 | 0 |
_aRD593 _b.P383 1989 |
| 060 | _aWL 368 P372 | ||
| 082 | 0 | 0 |
_a617.48 ADS _222 |
| 245 | 0 | 0 |
_aPediatric neurosurgery : _bsurgery of the developing nervous system / _c[edited by] Section of Pediatric Neurosurgery of the American Association of Neurological Surgeons ; Robert L. McLaurin ... [et al.]. |
| 250 | _a2nd ed. | ||
| 260 |
_aPhiladelphia : _bSaunders, _c1989. |
||
| 300 |
_axix, 604 p. : _bill. ; _c29 cm. |
||
| 504 | _aIncludes bibliographies and index. | ||
| 650 | 0 |
_aNervous system _xSurgery. _915839 |
|
| 650 | 0 |
_aChildren _xSurgery. _915858 |
|
| 650 | 0 |
_aPediatric neurology. _915859 |
|
| 650 | 2 |
_aNeurosurgery _xin infancy & childhood. _915860 |
|
| 658 | _aMedicine | ||
| 700 | 1 |
_aMcLaurin, Robert L. _915861 |
|
| 710 | 2 |
_aAmerican Association of Neurological Surgeons. _bSection of Pediatric Neurosurgery. _915862 |
|
| 906 |
_a7 _bcbc _corignew _d1 _eocip _f19 _gy-gencatlg |
||
| 942 |
_2ddc _cBK |
||
| 999 |
_c7371 _d7371 |
||